Central Library OPAC University of Rajshahi

Boycotts and the labor struggle : (Record no. 59041)

MARC details
000 -LEADER
fixed length control field 00789nam a2200229 a 4500
001 - CONTROL NUMBER
control field 59041
003 - CONTROL NUMBER IDENTIFIER
rucl marc code BD-RjUL
005 - DATE AND TIME OF LATEST TRANSACTION
control field 20211209080704.0
008 - FIXED-LENGTH DATA ELEMENTS--GENERAL INFORMATION
fixed length control field 161220s19131968nyu 000 0 eng
035 ## - SYSTEM CONTROL NUMBER
System control number (BD-RjUL)59165
040 ## - CATALOGING SOURCE
Original cataloging agency DLC
Transcribing agency TOL
Modifying agency ISL
-- EQO
Language of cataloging eng
041 ## - LANGUAGE CODE
Language code of text/sound track or separate title eng
082 ## - DEWEY DECIMAL CLASSIFICATION NUMBER
Edition number 23
Classification number 331.893
Author mark and year LAB 1968
090 ## - LOCALLY ASSIGNED LC-TYPE CALL NUMBER (OCLC); LOCAL CALL NUMBER (OCLC)
Classification number (OCLC) (R) ; Classification number, CALL (RLIN) (NR) HD5461
Local cutter number (OCLC) ; Book number/undivided call number, CALL (RLIN) .L3
100 1# - MAIN ENTRY--PERSONAL NAME
Personal name Laidler, Harry W.
Fuller form of name (Harry Wellington),
Dates associated with a name 1884-1970.
9 (RLIN) 175607
245 10 - TITLE STATEMENT
Title Boycotts and the labor struggle :
Remainder of title economic and legal aspects /
Statement of responsibility, etc. by Harry W. Laidler; with an introduction by Henry R. Seager...
260 ## - PUBLICATION, DISTRIBUTION, ETC. (IMPRINT)
Place of publication, distribution, etc. New York :
Name of publisher, distributor, etc. John Lane company ;
Place of publication, distribution, etc. London :
Name of publisher, distributor, etc. John Lane; [etc., etc.],
Date of publication, distribution, etc. 1913 [Reissued 1968]
300 ## - PHYSICAL DESCRIPTION
Pagination 488p. ;
Size 21cm.
504 ## - BIBLIOGRAPHY, ETC. NOTE
Bibliography, etc Bibliography: p. 473-480.
650 #0 - SUBJECT ADDED ENTRY--TOPICAL TERM
Topical term or geographic name as entry element Boycotts.
9 (RLIN) 175608
942 ## - ADDED ENTRY ELEMENTS (KOHA)
Source of classification or shelving scheme Dewey Decimal Classification
Koha item type Books
Holdings
Lost status Source of classification or shelving scheme Damaged status Not for loan Collection code Permanent Location Current Location Shelving location Date acquired Total Checkouts Full call number Date last seen Copy number Koha item type
  Dewey Decimal Classification   Not For Loan Non-fiction Central Library, University of Rajshahi Central Library, University of Rajshahi Reading Room 15/06/1994   331.893 LAB 1968 20/12/2016 C-1 Books